សិក្សាភាសាខ្មែរ ថ្នាក់ទី៩ / (Record no. 6557)

MARC details
000 -LEADER
fixed length control field 01891nam a22002297a 4500
001 - CONTROL NUMBER
control field 6557
003 - CONTROL NUMBER IDENTIFIER
control field FISKH
005 - DATE AND TIME OF LATEST TRANSACTION
control field 20250509140943.0
008 - FIXED-LENGTH DATA ELEMENTS--GENERAL INFORMATION
fixed length control field 250509b cb ||||| |||| 00| 0 eng d
020 ## - INTERNATIONAL STANDARD BOOK NUMBER
International Standard Book Number 9789996333408
040 ## - CATALOGING SOURCE
Original cataloging agency FISKH
Language of cataloging khr
Transcribing agency FISKH
Modifying agency FISKH
082 ## - DEWEY DECIMAL CLASSIFICATION NUMBER
Classification number 400
100 ## - MAIN ENTRY--PERSONAL NAME
Personal name Sokheng, Kong
245 ## - TITLE STATEMENT
Title សិក្សាភាសាខ្មែរ ថ្នាក់ទី៩ /
Statement of responsibility, etc. រៀបរៀងនិងចងក្រងដោយ គង់​ សុខហេង
250 ## - EDITION STATEMENT
Edition statement បោះពុម្ពលើកទី២​
260 ## - PUBLICATION, DISTRIBUTION, ETC.
Place of publication, distribution, etc. ភ្នំពេញ :
Name of publisher, distributor, etc. រោងពុម្ព ពេជ្រណែត​ ,
Date of publication, distribution, etc. 2017 .
300 ## - PHYSICAL DESCRIPTION
Extent 230 pages :
Other physical details illustrations ;
Dimensions 20 cm .
520 ## - SUMMARY, ETC.
Summary, etc. សៀវភៅ «សិក្សាភាសាខ្មែរថ្នាក់ទី៩» ដែលរៀបរៀងដោយលោក គង់ សុខហេង គឺជាវិភាគសិក្សាសម្បូរបែបមួយ ដែលត្រូវបានរចនាឡើងដើម្បីលើកស្ទួយសមត្ថភាពភាសាខ្មែររបស់សិស្សនៅថ្នាក់ទី៩។ សៀវភៅនេះសម្របសម្រួលតាមកម្មវិធីសិក្សាជាតិ ហើយត្រូវបានរៀបចំឡើងយ៉ាងមានលំដាប់ ដើម្បីជួយឲ្យការសិក្សាអភិវឌ្ឍទៅដោយសមរម្យ។
520 ## - SUMMARY, ETC.
Summary, etc. The book "Khmer Language Studies for Grade 9", compiled by Kong Sokheng, serves as a comprehensive educational resource designed to enhance students' proficiency in the Khmer language at the ninth-grade level. This textbook aligns with the national curriculum and is structured to facilitate progressive learning.
942 ## - ADDED ENTRY ELEMENTS (KOHA)
Source of classification or shelving scheme Dewey Decimal Classification
Koha item type Khmer Books
Suppress in OPAC No
Holdings
Withdrawn status Lost status Source of classification or shelving scheme Damaged status Not for loan Collection Home library Current library Shelving location Date acquired Total Checkouts Full call number Barcode Date last seen Price effective from Koha item type
    Dewey Decimal Classification     Khmer Language Books / សៀវភៅភាសាខ្មែរ Footprints International School Library Network Toul Tom Poung Campus Footprints International School Library Network Toul Tom Poung Campus TTP Secondary Khmer Bookshelves 05/09/2025   SOK 400 FISSE02659 05/09/2025 05/09/2025 Khmer Books